music trivia: 1980 albums and artists - Statistics

General Stats
  • This quiz has been taken 106 times
  • The average score is 6 of 15
Answer Stats
albums artists % Correct
Xanadu Olivia Newton-John and Electric Light Orchestra
80%
Super Trouper Abba
66%
The River Bruce Springsteen
60%
Double Fantasy John Lennon and Yoko Ono
58%
Zenyatta Mondatta The Police
58%
Emotional Rescue The Rolling Stones
50%
The Jazz Singer Neil Diamond
47%
The Game Queen
37%
Glass Houses Billy Joel
35%
Sandanista! The Clash
35%
Hi Infidelity REO Speedwagon
31%
Arc of a Diver Steve Winwood
27%
One-Trick Pony Paul Simon
23%
Gaucho Steely Dan
22%
Hotter Than July Stevie Wonder
17%
No matching quizzes found
Score Distribution
Percent of People with Each Score
Percentile by Number Answered
Your Score History
You have not taken this quiz